<?xml version="1.0" encoding="UTF-8"?>
<record
    xmlns:xsi="http://www.w3.org/2001/XMLSchema-instance"
    xsi:schemaLocation="http://www.loc.gov/MARC21/slim http://www.loc.gov/standards/marcxml/schema/MARC21slim.xsd"
    xmlns="http://www.loc.gov/MARC21/slim">

  <leader>00689nam a2200181 a 4500</leader>
  <controlfield tag="005">20140412111428.0</controlfield>
  <controlfield tag="008">090226s19uu    xx            00    eng d</controlfield>
  <datafield tag="020" ind1=" " ind2=" ">
    <subfield code="a">0-439-30920-4</subfield>
  </datafield>
  <datafield tag="050" ind1=" " ind2=" ">
    <subfield code="a">TR(GS E</subfield>
    <subfield code="b">Be43 2001</subfield>
  </datafield>
  <datafield tag="100" ind1=" " ind2=" ">
    <subfield code="a">Murphy, Frank</subfield>
  </datafield>
  <datafield tag="245" ind1=" " ind2=" ">
    <subfield code="a">Ben Franklin and the magic squares /</subfield>
    <subfield code="c">Frank Murphy.</subfield>
  </datafield>
  <datafield tag="260" ind1=" " ind2=" ">
    <subfield code="a">U.S.A :</subfield>
    <subfield code="b">Scholastic,</subfield>
    <subfield code="c">2001.</subfield>
  </datafield>
  <datafield tag="300" ind1=" " ind2=" ">
    <subfield code="a">48p.</subfield>
  </datafield>
  <datafield tag="520" ind1=" " ind2=" ">
    <subfield code="a">Shows how Benjamin Franklin, inventor, writer and scientist created a puzzle called the magic square to keep from being bored while serving as clerk for the Pennsylvania Assembly.</subfield>
  </datafield>
  <datafield tag="650" ind1=" " ind2=" ">
    <subfield code="a">Franklin, Benjamin, 1706-1790</subfield>
    <subfield code="x">Juvenile fiction</subfield>
  </datafield>
  <datafield tag="650" ind1=" " ind2=" ">
    <subfield code="a">Number games-- fiction</subfield>
  </datafield>
  <datafield tag="999" ind1=" " ind2=" ">
    <subfield code="c">106294</subfield>
    <subfield code="d">106294</subfield>
  </datafield>
  <datafield tag="952" ind1=" " ind2=" ">
    <subfield code="0">0</subfield>
    <subfield code="1">0</subfield>
    <subfield code="4">0</subfield>
    <subfield code="5">0</subfield>
    <subfield code="a">EL</subfield>
    <subfield code="b">EL</subfield>
    <subfield code="c">TR</subfield>
    <subfield code="d">2009-02-26</subfield>
    <subfield code="e">Gift</subfield>
    <subfield code="g">125.00</subfield>
    <subfield code="l">0</subfield>
    <subfield code="o">TR(GS E Be43 2001</subfield>
    <subfield code="p">E11552</subfield>
    <subfield code="r">2014-04-12 00:00:00</subfield>
    <subfield code="w">2014-04-12</subfield>
    <subfield code="y">BK</subfield>
  </datafield>
</record>
